Identity and vote overreporting by bureaucrats: implications for public service motivation (Record no. 117088)

000 -LEADER
fixed length control field 01304pab a2200169 454500
008 - FIXED-LENGTH DATA ELEMENTS--GENERAL INFORMATION
fixed length control field 180718b2018 xxu||||| |||| 00| 0 eng d
100 ## - MAIN ENTRY--PERSONAL NAME
Personal name Bednarczuk, Michael
245 ## - TITLE STATEMENT
Title Identity and vote overreporting by bureaucrats: implications for public service motivation
260 ## - PUBLICATION, DISTRIBUTION, ETC.
Date of publication, distribution, etc. 2018
300 ## - PHYSICAL DESCRIPTION
Extent p.148-58.
362 ## - DATES OF PUBLICATION AND/OR SEQUENTIAL DESIGNATION
Dates of publication and/or sequential designation Feb
520 ## - SUMMARY, ETC.
Summary, etc. Studies have argued that the higher levels of public service motivation (PSM) found in bureaucrats as compared with others lead to the positive civic and political behaviors seen in government employees. This study extends those findings to see if high PSM could have any negative effects on these same behaviors. Drawing from research on identity theory, it is hypothesized that a salient ?public service identity? could contribute to bureaucrats being more apt than others to report that they have voted in elections when they actually had not. Logit models using data covering a span of almost 30 years in the United States find support for the hypothesis. This work suggests that viewing PSM through the lens of identity theory may have broad implications for the field of public administration. - Reproduced.
650 ## - SUBJECT ADDED ENTRY--TOPICAL TERM
Topical term or geographic name entry element Personnel, Public - Motivation
650 ## - SUBJECT ADDED ENTRY--TOPICAL TERM
Topical term or geographic name entry element Bureaucracy
773 ## - HOST ITEM ENTRY
Main entry heading American Review of Public Administration
909 ## -
-- 117094
Holdings
Withdrawn status Lost status Damaged status Not for loan Permanent Location Current Location Date acquired Serial Enumeration / chronology Barcode Date last seen Price effective from Koha item type
        Indian Institute of Public Administration Indian Institute of Public Administration 2018-07-19 Volume no: 48, Issue no: 2 AR117554 2018-07-19 2018-07-19 Articles

Powered by Koha